Quizzes
Events
Quiz Creation
Community
Videos
Private Events
Remove Ads
Sign In
Join for FREE
Feedback
Dark Mode
Quiz Categories
Sports
Geography
Music
Movies
Television
Just For Fun
Miscellaneous
History
Literature
Language
Science
Gaming
Entertainment
Religion
Holiday
For Kids
Quiz Lab
Recent
Popular Today
Quiz Kudos Today
Editor Picks
Curator Picks
Quizzes by...
Day
Popularity
Type
Ratings
Length
Year
Community
Subscriptions
Recent Discussions
Orange Saloon
Badges
Playlists
Quests
Create
Leaderboards
Showdown
Live 5
Trivia Bingo
Activity
Puzzle Library
Sporcle Events
Private Events
Virtual Trivia
Globe League
Become a Host
Pub Owners
SporcleCon
Opinionation
Our Games
Videos
Blog
Mobile Apps
Partnerships
Remove Ads and Go Orange
Feedback
Sports
Athletes
MLB
NBA
NHL
NFL
Soccer
Sports Teams
WWE
NCAA
Football
Premier League
Basketball
Baseball
Hockey
Golf
Tennis
Cricket
Rugby
Auto Racing
Olympics
World Cup
Sports
Athletes
MLB
NBA
NHL
NFL
Soccer
Sports Teams
WWE
NCAA
Football
Premier League
Basketball
Baseball
Hockey
Golf
Tennis
Cricket
Rugby
Auto Racing
Olympics
World Cup
Random Quiz
Search Sporcle
×
Quiz Lab
Quiz Lab
Sports
mode
Type in answers that appear in a list
Type in answers that appear in a list
Classic
Best Score? Go Orange.
Quiz du week-end 24c Stats
Le quiz du week-end - Mode légende
By
SoFoot
3m
10 Questions
2,138 Plays
2,138 Plays
2,138 Plays
Comments
Comments
Give Quiz Kudos
Give Quiz Kudos
-
- Ratings
hide this ad
Replay
Link that replays current quiz
Next Quiz
Link to next quiz in quiz playlist
You Got
0%
They Got
Avg Score
24%
Avg Friend Score
Upgrade to see
Score Distribution
Jump to the score distribution portion of the page
Score
0/10
Timer
03:00
0
Plays Today
Intitulé
Réponse
% Correct
Le score de Bétis-
Real Madrid, mais aussi celui de Hamilton-
Glasgow Rangers.
3-5
97.1%
C’est un doublé pour lui face à Thoune.
Guillaume Hoarau
39.8%
Le nombre de victoires consécutives pour le PAOK Salonique, toutes compétitions confondues (en lettres).
Quinze
30.2%
Il est devenu le plus vieux joueur à atteindre la barre des 10 buts sur une saison d'Eredivisie.
Klaas-Jan Huntelaar
26.5%
Il a permis au Milan de recoller à la Sampdoria au classement.
Giacomo Bonaventura
24.2%
Galatasaray a perdu la place en chutant face à cette équipe.
Kasimpasa
11%
Français, meilleur buteur du championnat belge.
Teddy Chevalier
7.4%
Libéré par Leicester, il cherche un club sur Linkedin.
Ethan Hodby
6.6%
Leader du championnat bosnien.
Željezničar
1.8%
Meilleur buteur du championnat australien.
Bobô
1%
Quiz Playlist
Details
Report
Send in Message
Add To Playlist
Classic:
Type in answers that appear in a list
Last Updated: Feb 18, 2018
Quiz Scoreboard
CHALLENGE
Sign Up to Join the Scoreboard
Show All
Scores
Hide
Comments
May contain spoilers
Recently Published
Movies - When Are They Set?
by FPL_Elf
Movies
5m
Popular People in 1961
by mucciniale
History
6m
1-10 Letter E Words III
by El_Dandy
Language
2m
More to Explore
Quiz From the Vault
Featured Blog Post
Where Did the Easter Bunny Come From?
hide this ad
You Might Also Like...
Tags
mode
Today's Top Quizzes in Sports
Browse Sports
hide this ad
Today's Top Quizzes in mode
Browse mode
Top Contributed Quizzes in Sports
1
Les meilleurs buteurs des matchs entre le PSG et l’OM
2
Les entraîneurs de l'OM et du PSG au 21e siècle
3
FIFA Club World Cup Champions
4
2022 World Cup Stars
5
Name the Premier League winners with different clubs
6
La finale Lions - Afrique du Sud 2021
7
Criteria MLB: Left Handed Sluggers
8
Players with Multiple 50 Home Run Seasons
9
MLB Players with Two .350 Batting Average Seasons
10
MLB Hall of Famer by Rings
Explore More
Trending Topics
Harry Potter
Crossword
Disney
Anime
Marvel
Kpop
NBA
NFL
WWE
Country
Puzzle
Song
Pokémon
Soccer
The Office
hide this ad
More By:
SoFoot
Quiz
Plays
Rating
Category
Featured
Created
Joueurs de Ligue 1 qui ont gagné la C1
40,392
3.20
Sports
Aug 7, 2017
Vainqueurs C1 + Coupe du Monde
29,357
4.75
Sports
Apr 10, 2020
Français finale C1
26,211
5.00
Sports
Mar 29, 2020
Quiz Euro 2020 a
25,359
5.00
Sports
Jul 12, 2021
Les sponsors maillots cultes de Ligue 1
23,197
5.00
Sports
Apr 25, 2020
Go to Creator's Profile
Score Distribution
Quiz Creator Spotlight
SoFoot
Follow
Send a Message
Quizzes Created
-
Created Quiz Play Count
-
More By This Creator
Popular Quizzes Today
1
Find the US States - No Outlines Minefield
2
Find the Countries of Europe - No Outlines Minefield
3
The Countries of the World
4
Popular People in 1961
5
1-10 Letter E Words III
6
US States
7
Find the US States
8
One Thing in Common: World Cities II
More Sports Quizzes
F1 Hot Lap - Sochi
Curator's Pick
Trending Quizzes
Risky Map Clicking: Least Populous States A-Z
1-10 Letter F Words
Humor Books: The Subtitles
1-10 Letter G Words
One Thing in Common: United Kingdom
Recently Updated
Leaping Animals
pecheneg
Reality TV Shows (A-Z)
bhenderson79
Rickey Henderson's Hall of Fame Teammates
pecheneg
Champions League XIs: Arsenal
pecheneg
Quick Pick: Celebrities in WWE's Hall of Fame
aduchscher
A-Z Keypad Blitz II
pecheneg
Multiple Oscar Actors
pecheneg
Mystery Phrase Blitz: Oscar 'Best Actors'
pecheneg
F. Scott Fitzgerald Novels
LTH
Pick 3 Villains
ddd62291
Trending Topics
NBA
Harry Potter
Anime
Crossword
Kpop
Disney
Marvel
Soccer
NFL
Song
Country
Pokémon
Puzzle
WWE
The Office
Your Account Isn't Verified!
In order to create a playlist on Sporcle, you need to verify the email address you used during registration. Go to your
Sporcle Settings
to finish the process.
Report this User
Report this user for behavior that violates our
Community Guidelines
.
Details:
Send Report
Go to the Sporcle.com Mobile Site →
Comments